000 00331nam a2200121Ia 4500
008 191014s9999 xx 000 0 und d
082 _a536
_bZEM
100 _aMark W. Zemansky, Richard h. Dittman
_924040
245 0 _aHeat and Thermodynamics
260 _aPakistan
_bNational Books Fundation
300 _aXviii,486
942 _cBK
999 _c531311
_d531311